| 000 | 00552nam a22001817a 4500 | ||
|---|---|---|---|
| 005 | 20250206070837.0 | ||
| 008 | 250206b |||||||| |||| 00| 0 eng d | ||
| 020 | _a978-1-394-17308-2 | ||
| 082 | _a005.8 H851 2023 | ||
| 100 | _aHoward, Rick | ||
| 245 |
_aCybersecurity first principles: _ba reboot of strategy and tactics / _cRick Howard |
||
| 260 |
_aNew Jersey: _bJohn Wiley, _cc2023 |
||
| 300 |
_axxiii, 374p.: _bill. |
||
| 504 | _aIncludes index | ||
| 541 | _e7751 | ||
| 650 | _aComputer security | ||
| 650 | _aComputer networks - Security measures | ||
| 999 |
_c2392 _d2392 |
||